Normal view
MARC view
Entry Topical Term
001 - CONTROL NUMBER
- control field: 222
003 - CONTROL NUMBER IDENTIFIER
- control field: OSt
005 - DATE AND TIME OF LATEST TRANSACTION
- control field: 20110407154957.0
008 - FIXED-LENGTH DATA ELEMENTS
- fixed length control field: 110407|||a|||||| | ||| d
040 ## - CATALOGING SOURCE
- Original cataloging agency: OSt
- Transcribing agency: OSt
150 ## - HEADING--TOPICAL TERM
- Topical term or geographic name as entry element: Conflict of laws
- Geographic subdivision: Great Britain.
670 ## - SOURCE DATA FOUND
- Source citation: Work cat.: (OSt)81: Lawrence Collins Q.C 221, Dicey and Morris on the conflict of laws /, 2000.
